| 000 | 00373nam a2200133Ia 4500 | ||
|---|---|---|---|
| 008 | 231129s9999||||xx |||||||||||||| ||spa|| | ||
| 020 | _a958-664-014-0 | ||
| 040 | _bspa | ||
| 082 | _a709.861 E34c | ||
| 100 | _aEiger Casimiro | ||
| 245 | 0 | _aCronicas de arte colombiano (1946-1963) | |
| 264 | _aBanco de la Republica | ||
| 942 |
_2ddc _cBKS |
||
| 999 |
_c8276 _d8276 |
||